| 000 | 01733nam a2200397 c 4500 | ||
|---|---|---|---|
| 999 |
_c3556 _d3556 |
||
| 003 | BLK | ||
| 005 | 20210119145136.0 | ||
| 008 | 180412b bul|||||r ||||||| ||bul|| | ||
| 010 | _aKNG00004652000 | ||
| 020 | _a954-402-008-Х | ||
| 040 | _aBLK | ||
| 041 |
_aBUL _cBUL |
||
| 080 |
_aРегионална география _b913 _x(100)(031) _z913(100)(031) |
||
| 100 | 1 |
_aВарли, Каръл _eпърви автор _9247482 |
|
| 139 |
_aВарли, Каръл и др. _bВ 22 |
||
| 245 | 1 | 0 |
_aДетска енциклопедия География на света _cКаръл Варли; съавт. Лайза Майлз; прев. от англ. Иванка Томова. |
| 257 | _aGBR | ||
| 260 |
_bПетър Берон _c1993 _aСофия |
||
| 300 |
_a128 с. _bс цв. ил. _c26 см |
||
| 380 | _aDN | ||
| 500 | _aОриг. загл. The Usborne Geography Enciclopedia / Carol Varley, Lisa Miles. - Офс. изд. - Речник ; Азб. проказалец на к. ; Предм. показалец. | ||
| 650 | 4 |
_aГеография - енциклопедии, речници и справочници _9247483 |
|
| 650 | 4 |
_aЕнциклопедии, детски _9154962 |
|
| 653 | _aгеография | ||
| 653 | _aсвят | ||
| 653 | _aенциклопедии | ||
| 653 | _aлитература за деца | ||
| 653 | _aдетска литература | ||
| 700 | 1 |
_aМайлз, Лайза _eсъавт. _990894 |
|
| 700 | 1 |
_aТомова, Иванка _eпрев. от англ. _9246556 |
|
| 852 | _aЦб ІІ 10109 | ||
| 856 | 4 |
_qpdf _u |
|
| 856 | 4 |
_qpdf _u |
|
| 942 |
_cKNG _n0 _s1 |
||
| 944 |
_aCR _c10.11.2004 _kЛюдмила_Стоянова |
||
| 944 |
_aED _c27.09.2017 _kВася_Ганчева |
||
| 999 | _d3556 | ||